| 000 | 00808cab a2200253 4500 | ||
|---|---|---|---|
| 001 | ABS55604 | ||
| 008 | 090401t1996 xxu||||| |||| 00| 0 eng d | ||
| 035 | _a(Sirsi) u17526 | ||
| 041 | _aeng | ||
| 100 | _aHegarty, R | ||
| 245 | 2 | _aA fair fee for the job | |
| 260 | _c1996 | ||
| 350 | _a0 | ||
| 490 |
_aLaw Society`s Gazette _v93(25) July 1996, 22(1) |
||
| 520 | _aAnalysis of the Law Society`s survey into solicitor`s conveyancing fees, concluding that there is no case for publication of guideline or recommended fees. Lists the Society`s current work and areas of interest. | ||
| 650 | _aCONVEYANCING | ||
| 650 | _aFEE SCALES | ||
| 650 | _aLAW SOCIETY | ||
| 650 | _aPROFESSIONAL FEES | ||
| 650 | _aSOLICITORS | ||
| 690 | _aPROPERTY LAW AND PRACTICE | ||
| 942 | _n0 | ||
| 948 | _c04/03/1997 | ||
| 999 |
_c11622 _d11622 |
||